000 00548nam a22001817a 4500
005 20180820143011.0
010 _aENG-123739
020 _a9788170263913
_c495.00
035 _aEN-107271
037 _bDBAD/PUB.
082 _a230.33
100 _aYogananda, Paramhansa
245 _aAutobiography of a Yogi /
_cby Paramhansa Yogananda
260 _aNew Delhi
_bHeritage Publishers
_c2018
270 _a19-A, Ansari Road, Daryaganj,
_bNew Delhi
_e110002
300 v _axi,410p.
_c21cm(Hb)
_bill.
942 _2ddc
_cEN
_mYOG
_h230.33
999 _c156105
_d156105